| Tag |
First Indicator |
Second Indicator |
Subfields |
| LEADER |
00000cam a22000004a 4500 |
| 001 |
in00002355607 |
| 005 |
20151108053958.0 |
| 008 |
070615s2007 miu d b 001 0 eng |
| 010 |
|
|
|a 2007024134
|
| 020 |
|
|
|a 9780737736717 (hardcover)
|
| 020 |
|
|
|a 0737736712 (hardcover)
|
| 020 |
|
|
|a 9780737736724 (pbk.)
|
| 020 |
|
|
|a 0737736720 (pbk.)
|
| 029 |
1 |
|
|a QBX
|b a 07024134
|
| 035 |
|
|
|a (OCoLC)ocn145145877
|
| 035 |
|
|
|a (OCoLC)145145877
|
| 040 |
|
|
|a DLC
|c DLC
|d BAKER
|d BTCTA
|d YDXCP
|d C#P
|d JED
|d QBX
|d UtOrBLW
|
| 043 |
|
|
|a n-us---
|
| 049 |
|
|
|a TXAM
|
| 050 |
0 |
0 |
|a HV5292
|b .A374 2007
|
| 082 |
0 |
0 |
|a 362.2920973
|2 22
|
| 245 |
0 |
0 |
|a Alcohol abuse /
|c Ronnie D. Lankford, book editor.
|
| 264 |
|
1 |
|a Detroit :
|b Greenhaven Press,
|c [2007]
|
| 264 |
|
4 |
|c ©2007
|
| 300 |
|
|
|a 127 pages ;
|c 24 cm.
|
| 336 |
|
|
|a text
|b txt
|2 rdacontent
|
| 337 |
|
|
|a unmediated
|b n
|2 rdamedia
|
| 338 |
|
|
|a volume
|b nc
|2 rdacarrier
|
| 490 |
1 |
|
|a At issue. Drugs
|
| 504 |
|
|
|a Includes bibliographical references (pages 117-121) and index.
|
| 505 |
0 |
0 |
|t Moderate alcohol consumption may provide health benefits --
|t Alcohol adversely effects adolescents --
|t College campuses should regulate alcohol abuse --
|t Alcohol abuse harms adolescent development --
|t Developmental harm caused by alcohol is overstated --
|t Alcohol advertising has no effect on underage drinking --
|t Alcohol advertising promotes underage drinking --
|t Binge drinking is a destructive impulse --
|t Binge drinking is a normal impulse --
|t Parents are accountable for children's alcohol abuse --
|t Parents should be allowed to regulate children's use of alcohol --
|t Eliminating drunk driving is a reasonable goal --
|t Eliminating drunk driving creates repressive laws --
|t Twelve step programs help reduce alcohol abuse --
|t Twelve-step programs seldom reduce alcohol abuse.
|
| 650 |
|
0 |
|a Alcoholism
|z United States.
|
| 650 |
|
0 |
|a Youth
|x Alcohol use
|z United States.
|
| 650 |
|
0 |
|a Alcoholism.
|
| 650 |
|
0 |
|a Drinking of alcoholic beverages.
|
| 700 |
1 |
|
|a Lankford, Ronald D.,
|c Jr.,
|d 1962-
|
| 830 |
|
0 |
|a At issue.
|p Drugs.
|
| 856 |
4 |
1 |
|3 Table of contents only
|u http://www.loc.gov/catdir/toc/ecip0720/2007024134.html
|t 0
|
| 938 |
|
|
|a Baker and Taylor
|b BTCP
|n BK0007156310
|
| 938 |
|
|
|a Baker & Taylor
|b BKTY
|c 29.95
|d 29.95
|i 0737736712
|n 0007156309
|s active
|
| 938 |
|
|
|a Baker & Taylor
|b BKTY
|c 21.20
|d 21.20
|i 0737736720
|n 0007156310
|s active
|
| 938 |
|
|
|a YBP Library Services
|b YANK
|n 2609273
|
| 938 |
|
|
|a Quality Books, Inc.
|b QUAL
|n a 07024134
|
| 945 |
|
|
|a PromptCat
|b 275084
|
| 946 |
|
|
|a stk
|
| 947 |
|
|
|a A14836507972
|
| 948 |
|
|
|a cataloged
|b h
|c 2007/12/1
|d c
|e dmartine
|f 1:24:16 pm
|
| 994 |
|
|
|a 92
|b TXA
|
| 999 |
|
|
|a MARS
|
| 999 |
f |
f |
|s b0996e42-1b28-3369-8985-288c98a36893
|i 5e2c4835-f7a3-3188-aa65-87875377da21
|t 0
|
| 952 |
f |
f |
|p ric
|a Texas A&M University
|b Rellis Campus
|c Joint Library Facility
|d Remote Storage
|t 0
|e HV5292 .A374 2007
|h Library of Congress classification
|i unmediated -- volume
|m A14836507972
|
| 998 |
f |
f |
|a HV5292 .A374 2007
|t 0
|l Remote Storage
|